00539cam a22001931 4500001001300000003000400013005001700017008004100034010001700075035002000092040004100112042001200153050002000165100005100185245004200236260003300278300001900311999001500330af 48000978 DLC20260227110846.0890523s1946 gw 000 0 ger c aaf 48000978  a(OCoLC)19754857 aCalifornia. Univ. Libr.cCUdCUdDLC apremarc00aPT2635.O235bL51 aRochowanski, L. W.q(Leopold Wolfgang),d1885-14aDas Liebesfest,beine Traumphantasie. a[Coburg]bH. Winklerc[1946] a186 p.c19 cm. c4294d4294